000 00409nam a2200157Ia 4500
008 210719s1961 xx 000 0 und d
041 _aeng
082 _a512 KHAA
100 _aKHANNA (M L)
245 _aAlgebra for B A and B Sc students.
260 _aMeerut
_bJai Prakash Nath & Co.
_c1961
300 _axviii,364
_bHB
365 _b4
_cRs
650 _aAlgebra
906 _aAlgebra for college students
999 _c212911
_d212911